000 00773cam a2200241 4500
001 D15360
008 090401t1982 xxu||||| |||| 00| 0 eng d
035 _a(Sirsi) u22178
041 _aeng
050 _a692.5
090 _aRICS 1982/13ABC
110 _aRoyal Institution of Chartered Surveyors
_94900
245 _aEngineering services: modern estimating and measurement methods. One-day conference, Tuesday 23 March 1982
260 _aLondon
_bSurveyors` Technical Services
_c1982
300 _a5 papers
350 _a0
520 _aPapers cataloged separately. File in box RICS 1982/13 ABC
650 _aENGINEERING SERVICES
650 _aMECHANICAL AND ELECTRICAL SERVICES
710 _aQuantity Surveyors` Division
942 _n0
948 _c04/03/1997
999 _c88139
_d88139